Intergovernmental interactions in the Indian federal structure (Record no. 517559)

000 -LEADER
fixed length control field 01282nam a22001577a 4500
008 - FIXED-LENGTH DATA ELEMENTS--GENERAL INFORMATION
fixed length control field 210720b ||||| |||| 00| 0 eng d
100 ## - MAIN ENTRY--PERSONAL NAME
Personal name Saxena, Rekha
245 ## - TITLE STATEMENT
Title Intergovernmental interactions in the Indian federal structure
260 ## - PUBLICATION, DISTRIBUTION, ETC. (IMPRINT)
Place of publication, distribution, etc Bihar Journal of Public Administration
300 ## - PHYSICAL DESCRIPTION
Extent 17(2), Jul-Dec, 2020: p.472-481
520 ## - SUMMARY, ETC.
Summary, etc The paper seeks to review intergovernmental interactions in Indian federation. In India, the working of union-state coordination reveals that informality is still the norm. Intergovernmental interactions have been a rather feeble facet of Indian federalism in absolute as well as relative terms. Many observers in India have found the systems of intergovernmental interactions to be either rarely used or excessively controlled by the central government. In India there are both formal and informal—mostly latter—interactions between the executives of the various dominions that encompass the federation. However, there is no formal cooperation between legislatures. – Reproduced

650 ## - SUBJECT ADDED ENTRY--TOPICAL TERM
Topical term or geographic name as entry element Executive, Federalism, Intergovernmental interactions, Legislature, Union-State coordination Union-state coordination
9 (RLIN) 25447
773 ## - HOST ITEM ENTRY
Main entry heading Bihar Journal of Public Administration
906 ## - LOCAL DATA ELEMENT F, LDF (RLIN)
Subject DIP FEDERALISM
942 ## - ADDED ENTRY ELEMENTS (KOHA)
Item type Articles
Holdings
Withdrawn status Lost status Source of classification or shelving scheme Damaged status Not for loan Permanent location Current location Date acquired Serial Enumeration / chronology Barcode Date last seen Koha item type
          Indian Institute of Public Administration Indian Institute of Public Administration 2021-07-20 17(2), Jul-Dec, 2020: p.472-481 AR124838 2021-07-20 Articles
          Indian Institute of Public Administration Indian Institute of Public Administration 2023-10-16 18(2), Jul-Dec, 2020: p.472-481 AR129806 2023-10-16 Articles

Powered by Koha